| 000 | 01312nam a2200397 a 4500 | ||
|---|---|---|---|
| 001 | 000110436 | ||
| 003 | CHAP | ||
| 005 | 20220329144133.0 | ||
| 008 | 140828s2006 mx a |r| ||||||spa d | ||
| 010 | _a106898 | ||
| 011 | _a107870 | ||
| 020 | _a9707530723 | ||
| 040 | _cCHAP | ||
| 082 | 0 | 4 |
_a972.65004 _bR98 |
| 100 | 0 | 0 |
_aRuz, Mario Humberto. _9101019 |
| 245 | 1 | 0 |
_aMayas / _cpor Mario Humberto Ruz. |
| 260 |
_aMéxico. D.F. : _bPueblos Indígenas del México Contemporáneo, _c2006. |
||
| 300 |
_a2 v. : _bil. |
||
| 490 | 1 | _aPueblos Indígenas del México Contemporáneo | |
| 590 |
_aE5995AHE _b05 _c20140828 _lUCH01 _h1113 |
||
| 590 |
_aE5995AHE _b05 _c20140828 _lUCH01 _h1128 |
||
| 590 |
_aE5995AHE _b05 _c20140828 _lUCH01 _h1146 |
||
| 590 |
_aE5995AHE _b05 _c20140828 _lUCH01 _h1150 |
||
| 590 |
_aE5995AHE _b05 _c20140828 _lUCH01 _h1400 |
||
| 590 |
_aE5995AHE _b05 _c20140828 _lUCH01 _h1414 |
||
| 650 | 1 | 4 |
_aIndios de Yucatán _xMayas. _9128045 |
| 650 | 1 | 4 |
_aMayas _xEconomía. _9128048 |
| 650 | 1 | 4 |
_aMayas _xHistoria. _9128049 |
| 650 | 1 | 4 |
_aMayas _xOrganización social. _9128047 |
| 650 | 1 | 4 |
_aMayas _xReligión y mitología. _973215 |
| 650 | 1 | 4 |
_aMayas _xVida social y costumbres. _9128046 |
| 830 | 0 |
_aPueblos Indígenas del México Contemporáneo _992892 |
|
| 901 | _aBK | ||
| 942 | _cLIBRO | ||
| 942 | _n0 | ||
| 999 |
_c106898 _d106898 |
||